Wielowymiarowa analiza reprodukcji ludnosci
Gespeichert in:
| 1. Verfasser: | |
|---|---|
| Format: | Buch |
| Sprache: | Polnisch |
| Veröffentlicht: |
Poznan
Akademia Ekon.
1985
|
| Ausgabe: | 1. wyd. |
| Schriftenreihe: | Zeszyty naukowe
88 |
| Tags: |
Keine Tags, Fügen Sie das erste Tag hinzu!
|
MARC
| LEADER | 00000nam a2200000 4500 | ||
|---|---|---|---|
| 001 | c037090 | ||
| 005 | 20221220080650.5 | ||
| 041 | 0 | |a pol | |
| 044 | |a PL | ||
| 245 | 1 | 0 | |a Wielowymiarowa analiza reprodukcji ludnosci |c Jan Paradysz |
| 250 | |a 1. wyd. | ||
| 264 | 1 | |a Poznan |b Akademia Ekon. |c 1985 | |
| 300 | |a 232 s. | ||
| 490 | 1 | |a Zeszyty naukowe |v 88 | |
| 830 | 0 | |a Zeszyty naukowe |v 88 | |
| 100 | 1 | |a Paradysz, Jan | |